| 000 | 005370000a22001690004500 | ||
|---|---|---|---|
| 090 |
_aAR _b03874 |
||
| 245 | 1 | 0 |
_aFormación científica de lofling en Suecia _ssu contribución a la criptogamia |
| 300 | _a15-22 | ||
| 500 | _a<Colección Biocomercio> | ||
| 650 | 1 | 4 |
_aBiografías _993046 |
| 650 | 1 | 4 |
_aBotánicos _996201 |
| 650 | 1 | 4 |
_aPehr Lofling _997696 |
| 041 | 0 | _aEspañol | |
| 260 |
_aVillanueva _bReal Jardín Botánico _c1990 |
||
| 942 | _cARTICULO | ||
| 773 | 1 | _tEn Pelayo López, Francisco/ Pehr lofling y la expedición al Orinoco | |
| 999 |
_c12909 _d12909 |
||